Biblioteca

Religion not the real issue on Colombian TV Show (Registro nro. 54604)

Detalles MARC
000 -LÍDER
Campo fijo de descripción fija 00880cas a22002054i 4500
001 - NÚMERO DE CONTROL
Campo de control 768714001
003 - IDENTIFICADOR DEL NÚMERO DE CONTROL
Campo de control CO-MdFUSB
005 - FECHA Y HORA DE LA ULTIMA TRANSACCIÓN
control field 20240618062718.0
008 - ELEMENTOS DE LONGITUD FIJA -- INFORMACIÓN GENERAL
Campo fijo de descripción fija -- Información general 180821s1991 xxu||||| |||| 00| 0 eng d
040 ## - FUENTE DE CATALOGACIÓN
Agencia Catalogadora CO-MdFUSB
Idioma de catalogación spa
Agencia que realiza la transcripción CO-MdFUSB
Agencia que realiza la modificación CO-MdFUSB
041 ## - CÓDIGO DE IDIOMA
Código de idioma para texto/pista de sonido o título separado eng
100 1# - ASIENTO PRINCIPAL--NOMBRE PERSONAL
Nombre personal Bolaño, Dominga
Término relacionador autor
245 00 - TÍTULO
Título Religion not the real issue on Colombian TV Show
300 ## - DESCRIPCIÓN FÍSICA
Extensión Volumen 71. Número 3 (1991), páginas 15
Dimensiones : 28 cm
520 ## - NOTA DE RESUMEN, ETC.
Nota de sumario, etc. Este artículo hace referencia al crecimiento evangélico que fue el foco en un programa de la televisión colombiana en la década de los 80 y en el cual se entrevistaron a dos representantes de la iglesia católica y dos lideres evangélicos.
546 ## - NOTA DE IDIOMA
Nota de idioma Texto en inglés
650 #0 - ASIENTO SECUNDARIO DE MATERIA - TERMINO TEMÁTICO
Término temático o nombre geográfico como elemento de entrada Misiones
9 (RLIN) 154
773 0# - ASIENTO DE ITEM FUENTE
Título Latin America Evangelist
Biblionumber 49466
Itemnumber 60815
Parte(s) relacionada(s) / Volumen., número. (mes año), páginas Volumen 71. Número 3 (1991), páginas 15
Enumeración y primera página Página 15
942 ## - TIPO DE MATERIAL (KOHA)
Tipo de Item KOHA Artículos de Revista
Existencias
Expurgo - (Retirado) Estado de Perdido Estado de Dañado No prestable Colección Ubicación habitual Ubicación actual Fecha de Adquisición Signatura Topográfica Tipo de Material
        Colección de Hemeroteca Biblioteca FUSBC Biblioteca FUSBC 26/01/2016 Artículos de Revista

Biblioteca FUSBC | Teléfono: (57+4) 349 88 10 Ext. 141| WhatsApp (+57) 3005338115 
E-mail: biblioteca@unisbc.edu.co | Calle 76 87-14 Robledo Palenque, Medellín, Colombia

Con tecnología Koha